| 000 | 00430nam a22001577a 4500 | ||
|---|---|---|---|
| 008 | 230323b |||||||| |||| 00| 0 eng d | ||
| 040 |
_aNational Science Library _cNational Science Library |
||
| 080 |
_a669.018 _bE7 |
||
| 100 | _aPrice, William B | ||
| 245 | _aTechnical analysis of brass | ||
| 260 |
_aNew York: _bJohn Wiley & Sons, _c1971 |
||
| 300 | _a376p. | ||
| 650 | _aManagement | ||
| 653 | _aBrass | ||
| 942 |
_2udc _cREF |
||
| 999 |
_c13711 _d13711 |
||